000
00287nam a2200109Ia 4500
008
201217s9999 xx 000 0 und d
100
_a
Verma, Pramod
245
0
_a
Management of Industrial Relations : Readings and Cases
260
_a
New Delhi
_b
Oxford & IBH
300
_a
519
942
_c
BK
999
_c
7083
_d
7083